000 00792cam a2200229 a 4500
001 000018160
005 20200929165400.0
008 790410s1976 cu b f000 0 spa
035 _a(DLC) 78111063
040 _aDO-SdBNP
_bspa
_cDLC
_dDLC
_dBNPHU
082 _a868
_bR311t
245 0 0 _aRecopilación de textos sobre Mario Benedetti /
_ccompilación y prólogo de Ambrosio Fornet.
260 _a[La Habana] :
_bCasa de las Américas,
_c[1976].
300 _a299 p. ;
_c23 cm.
490 1 _aValoración múltiple
504 _aBibliografía: p. 275-295.
600 1 0 _aBenedetti, Mario,
_d1920-2009
_xCriticism and interpretation.
_939353
700 1 _aFornet, Ambrosio,
_ecomp.
_915545
830 0 _aValoración múltiple.
_99964
910 _aCatalogación por copia / LC
049 _aBNGR
999 _c17681
_d17681